01712cam a22003494i 4500003000900000005001700009008004100026020001500067035002700082040003300109082001700142245005700159264011900216300003800335336002100373337002500394338002300419505077700442526001001219526001001229526001001239526001001249526000801259526000801267526000801275526000801283526000801291526000801299526000801307650002001315700002701335PE-LiUPU20250731173137.0150623s r 000 0 d a0964358522 a(Sirsi) i9780964358522 aPE-LiUPUbspacPE-LiUPUerda04a248bM5622104aThe ministry of philanthropy /cJeff Scoggins, comp. 1aSilver Spring, MD :bGeneral Conference Ministerial Association and Philanthropic Service for Institutions,c1999. a112 páginas ;c18 centímetros atext2rdacontent aunmediated2rdamedia avolume2rdacarrier0 aA gift to the future. I lived in iowa and I didn't plant a tree. Buchwhacked by generosity. Net pay + selfishness = happiness?. Could I have some water?. An opportunity for blisters. Going once, going twice.. Gift in a brown paper bag. The choir dress. The grace of giving. Angels in bangkok. A sense of worth. Wrapped in love. The note posted above my computer. when mount everest goes jogging. Stuck in paradise and happy. It's mine¡. The Lord is so Good to us. Bush benevolence. Fun frustration, and fulillment. We all know about fragmentation. The soaking wet gift. No price tag attached. A bit of myself in your favor. Popcorn love. We value what we chase. What God cannot do. Community service day. Giving a year of my life. Love lifted me. The selfish flashlight. aSEG42 aSEG41 aSEG40 aSEG39 aP94 aP87 aP86 aP85 aP77 aP76 aP3504aVida cristiana.1 aScoggins, Jeff,ecomp.